000 00623nam a2200241Ia 4500
003 OSt
005 20220918202347.0
006 a|||||r|||| 00| 0
007 ta
008 220917b |||||||| |||| 00| 0 eng d
024 _a100,645
037 _cTextual
040 _aARTS
_cARTS
_beng
041 _2eng
_aeng
082 _aV2,1.K13<--J56, M5
100 _aBedi P S
_9103369
245 0 _aMughals nobility under Akbar
260 _aJalandhar
_bA B S
_c1985
300 _aviii, 211p.
_ccm.
650 _aHISTORY
942 _hV2,1.K13<--J56, M5
_cTEXL
_2CC
999 _c224173
_d224173